| 000 | 00397 a2200121 4500 | ||
|---|---|---|---|
| 001 | ART_61594 | ||
| 005 | 20260410162056.0 | ||
| 008 | 260409a | ||
| 245 | 1 | 0 | _aLa voluntad del legislador y la ley penal más benigna |
| 100 | 1 | _aBorinsky, Mariano H. | |
| 700 | 1 | _aRubinska, Julián | |
| 773 | 0 |
_tTemas de derecho penal y procesal penal _g- Año 5, N° 11 (nov. 2023) _wREV60798 |
|
| 999 |
_c36295 _d36295 |
||